000
00301nam a22001337a 4500
999
_c
15389
_d
15389
020
_a
9788183990394
082
_a
595.7
_b
RED/AP
100
_a
Reddy, D. S
_9
3069
245
_a
Applied entomology
250
_a
2 /
260
_a
New Delhi
_b
New Vishal Publications
_c
2010
300
_a
231
942
_c
BBS